Evaluación de la vivienda en serie construida mediante el sistema F.H.A. y propuestas de mejoramiento de los diseños
Presenta la urgente necesidad de reconstrucción de la vivienda a causa del terremoto de febrero de 1976 y Guatemala por ser un áís de recursos limitados requirio la asistencia de gobiernos extranjeros y organizaciones internacionales.
| Main Author: | |
|---|---|
| Other Authors: | |
| Format: | Tesis Section = Libro |
| Language: | Undetermined Spanish |
| Published: |
Guatemala
USAC-G
1976
|
| Subjects: |
| LEADER | 00954nam a2200229Ia 4500 | ||
|---|---|---|---|
| 008 | 240830s9999 xx 000 0 und d | ||
| 040 | |a BIBLIOTECA-RUSB/ Mon 728.17281 P896 | ||
| 041 | |a spa | ||
| 082 | |a Mon 728.17281 P896 | ||
| 100 | 1 | |a Prado Barascout, Aura Zoemía | |
| 245 | 1 | 0 | |a Evaluación de la vivienda en serie construida mediante el sistema F.H.A. y propuestas de mejoramiento de los diseños |
| 260 | |a Guatemala |b USAC-G |c 1976 | ||
| 300 | |a 104 p. :il. | ||
| 502 | |a Tesis (Arquitecto) - USAC-G, 1976. | ||
| 520 | 3 | |a Presenta la urgente necesidad de reconstrucción de la vivienda a causa del terremoto de febrero de 1976 y Guatemala por ser un áís de recursos limitados requirio la asistencia de gobiernos extranjeros y organizaciones internacionales. | |
| 650 | 7 | |a VIVIENDAS ECONOMICAS | |
| 650 | 7 | |b ARQUITECTURA | |
| 650 | 7 | |c GUATEMALA | |
| 700 | 1 | |a Tutor: |b Solórzano U., Erwin | |
| 942 | |c BK |2 ddc | ||
| 991 | |a TESIS | ||
| 999 | |c 21478 | ||